Entry Personal Name
Number of records used in: 1
001 - CONTROL NUMBER
003 - CONTROL NUMBER IDENTIFIER
005 - DATE AND TIME OF LATEST TRANSACTION
- control field:
20231005094240.0
008 - FIXED-LENGTH DATA ELEMENTS
- fixed length control field:
820309n| azannaabn |a aaa
010 ## - LIBRARY OF CONGRESS CONTROL NUMBER
- LC control number:
n 81124802
- Canceled/invalid LC control number:
n 93027308
035 ## - SYSTEM CONTROL NUMBER
- System control number:
(OCoLC)oca00669717
040 ## - CATALOGING SOURCE
- Original cataloging agency:
DLC
- Language of cataloging:
eng
- Transcribing agency:
DLC
- Modifying agency:
DLC
- Modifying agency:
DLC-ON
- Modifying agency:
OCoLC
- Modifying agency:
DLC
- Modifying agency:
SG-SiILA
- Description conventions:
rda
- Modifying agency:
DLC
046 ## - SPECIAL CODED DATES
- Birth date:
1926-01-14
- Death date:
2016-07-28
- Source of date scheme:
edtf
053 #0 - LC CLASSIFICATION NUMBER
- Classification number element--single number or beginning number of span:
PK1718.B48
100 0# - HEADING--PERSONAL NAME
- Personal name:
Mahāśvetā Debī,
- Dates associated with a name:
1926-2016
375 ## - GENDER
400 1# - SEE FROM TRACING--PERSONAL NAME
- Personal name:
Devi, Sumitra,
- Dates associated with a name:
1926-2016
400 0# - SEE FROM TRACING--PERSONAL NAME
- Personal name:
Sumitra Devi,
- Dates associated with a name:
1926-2016
400 1# - SEE FROM TRACING--PERSONAL NAME
- Personal name:
Bhaṭṭacārya, Mahāśvetā,
- Dates associated with a name:
1926-2016
400 1# - SEE FROM TRACING--PERSONAL NAME
- Personal name:
Debī, Mahāśvetā,
- Dates associated with a name:
1926-2016
400 1# - SEE FROM TRACING--PERSONAL NAME
- Personal name:
Ghaṭak, Mahāśvetā,
- Dates associated with a name:
1926-2016
400 1# - SEE FROM TRACING--PERSONAL NAME
- Personal name:
Bhattacharya, Mahashveta,
- Dates associated with a name:
1926-2016
400 0# - SEE FROM TRACING--PERSONAL NAME
- Personal name:
Mahāśvetā Devī,
- Dates associated with a name:
1926-2016
400 1# - SEE FROM TRACING--PERSONAL NAME
- Personal name:
Devī, Mahāśvetā,
- Dates associated with a name:
1926-2016
400 1# - SEE FROM TRACING--PERSONAL NAME
- Personal name:
Devi, Mahasweta,
- Dates associated with a name:
1926-2016
400 0# - SEE FROM TRACING--PERSONAL NAME
- Personal name:
Mahasweta Devi,
- Dates associated with a name:
1926-2016
400 0# - SEE FROM TRACING--PERSONAL NAME
- Personal name:
Makācuvētā Tēvi,
- Dates associated with a name:
1926-2016
400 1# - SEE FROM TRACING--PERSONAL NAME
- Personal name:
Tēvi, Makācuvētā,
- Dates associated with a name:
1926-2016
670 ## - SOURCE DATA FOUND
- Source citation:
Author's Lāẏalī āśamānera āẏanā, 1962.
670 ## - SOURCE DATA FOUND
- Source citation:
Her Cala rahī laṛāī, 1988:
- Information found:
t.p. (Mahāśvetā Devī)
670 ## - SOURCE DATA FOUND
- Source citation:
Her Imaginary maps, 1993:
- Information found:
CIP t.p. (Mahasweta Devi)
670 ## - SOURCE DATA FOUND
- Source citation:
Mahasweta Devi, c2006:
- Information found:
p. (Beng. woman author; political and social activist; editor, Bartikā, Beng. quarterly for the tribal people and contents contributed by them)
670 ## - SOURCE DATA FOUND
- Source citation:
Kavi Vantyakaṭṭi Kāyiyin̲ vāl̲vum cāvum, 2007:
- Information found:
t.p. (Makācuvētā Tēvi) t.p. verso (Mahasveta Devi [in rom.])
670 ## - SOURCE DATA FOUND
- Source citation:
Wikipedia, Viewed July 29, 2016
- Information found:
(Mahasweta Devi; b. 14 January 1926; d. 28 July 2016)